music trivia: 1987 songs and artists - Statistics

General Stats
  • This quiz has been taken 220 times
  • The average score is 9 of 15
Answer Stats
For this 1987 song... name the artist or group associated with it % Correct
I Think We're Alone Now Tiffany
84%
Wanted Dead or Alive Bon Jovi
82%
Where the Streets Have No Name U2
82%
Got My Mind Set On You George Harrison
80%
The Way You Make Me Feel Michael Jackson
77%
Nothing's Gonna Stop Us Now Starship
74%
Didn't We Almost Have It All Whitney Houston
65%
La Bamba Los Lobos
63%
(I've Had) The Time of My Life Jennifer Warnes and Bill Medley
55%
Don't Dream It's Over Crowded House
52%
The Way It Is Bruce Hornsby and the Range
50%
Luka Suzanne Vega
39%
The One I Love R.E.M
38%
At This Moment Billy Vera & the Beaters
24%
Lean On Me Club Nouveau
19%
No matching quizzes found
Score Distribution
Percent of People with Each Score
Percentile by Number Answered
Your Score History
You have not taken this quiz